[Event "South FR-ch"]
[Site "Armavir"]
[Date "2012.03.??"]
[Round "9"]
[White "Kuzovlev, Mikhail"]
[Black "Kudelya, Igor"]
[Result "1/2-1/2"]
[WhiteElo "2147"]
[BlackElo "2088"]
[PlyCount "80"]
[EventDate "2012.03.11"]
[EventType "swiss"]
[EventRounds "9"]
[EventCountry "RUS"]
[SourceTitle "EXT 2023"]
[Source "ChessBase"]
[SourceDate "2022.10.05"]
[SourceVersion "1"]
[SourceVersionDate "2022.10.05"]
[SourceQuality "1"]

1. e4 c5 2. Nf3 Nc6 3. d4 cxd4 4. Nxd4 Qc7 5. Nc3 e6 6. g3 a6 7. Bg2 Nf6 8. Be3 Ne5 9. 0-0 Bc5 10. Bf4 d6 11. Nf3 Nfd7 12. Nxe5 Nxe5 13. Qe2 b5 14. Kh1 Bb7 15. a3 h5 16. h4 Rc8 17. Nd1 Bb6 18. c3 Qc4 19. Qc2 Rd8 20. Be3 Bxe3 21. Nxe3 Qd3 22. a4 Qxc2 23. Nxc2 Nc4 24. axb5 axb5 25. Ra7 Rd7 26. Rfa1 Ke7 27. R1a2 Rb8 28. Nd4 e5 29. Nxb5 Bc6 30. Rxd7+ Bxd7 31. Nc7 Nxb2 32. Nd5+ Kd8 33. Ra6 Nd3 34. f3 Rb1+ 35. Kh2 Rb2 36. Ra8+ Bc8 37. Kg1 Rb1+ 38. Kh2 Rb2 39. Kg1 Rb1+ 40. Kh2 Rb2 1/2-1/2

[Event "Dvorkovich Memorial op 6th"]
[Site "Taganrog"]
[Date "2011.08.09"]
[Round "9"]
[White "Kuzovlev, Mikhail"]
[Black "Zakharov, Alexander V"]
[Result "0-1"]
[WhiteElo "2132"]
[BlackElo "2393"]
[PlyCount "124"]
[EventDate "2011.08.01"]
[EventType "swiss"]
[EventRounds "9"]
[EventCountry "RUS"]
[SourceTitle "CBM 144 Extra"]
[Source "ChessBase"]
[SourceDate "2011.10.28"]
[SourceVersion "1"]
[SourceVersionDate "2011.10.28"]
[SourceQuality "1"]

1. e4 c5 2. Nf3 d6 3. Bb5+ Bd7 4. Bxd7+ Nxd7 5. c4 Ngf6 6. Nc3 Ne5 7. d3 e6 8. 0-0 Be7 9. Bf4 Nfd7 10. a3 Bf6 11. Rc1 Qb6 12. Bxe5 Nxe5 13. Nxe5 Bxe5 14. Qa4+ Qc6 15. b4 Qxa4 16. Nxa4 b6 17. Rc2 Ke7 18. Rb1 h5 19. Nc3 g5 20. a4 g4 21. Ne2 h4 22. a5 Rhb8 23. a6 Rg8 24. b5 Raf8 25. Rd1 Kf6 26. Rf1 Rd8 27. f4 gxf3 28. Rxf3+ Ke7 29. Rc1 Rg7 30. Rcf1 Rdg8 31. R1f2 f6 32. h3 Rd8 33. Kf1 Rdg8 34. Kg1 Rg6 35. Kf1 Rh6 36. Re3 Rd8 37. Ref3 d5 38. exd5 exd5 39. Nf4 dxc4 40. dxc4 Rd1+ 41. Ke2 Rc1 42. Nd5+ Ke6 43. Kd3 Rd1+ 44. Rd2 Rxd2+ 45. Kxd2 Rg6 46. Kd3 f5 47. Re3 Kd6 48. Re2 Rg3+ 49. Kd2 Ra3 50. Kd1 f4 51. Rd2 Ke6 52. Ke2 Rg3 53. Kf2 Bd4+ 54. Kf1 Kf5 55. Ne7+ Ke4 56. Re2+ Kd3 57. Nf5 f3 58. Nxg3 fxe2+ 59. Nxe2 Kxc4 60. g4 hxg3 61. Nxg3 Kxb5 62. Nf5 Bf6 0-1

[Event "Dvorkovich Memorial op 6th"]
[Site "Taganrog"]
[Date "2011.08.05"]
[Round "5"]
[White "Kuzovlev, Mikhail"]
[Black "Shubny, Aleksandr"]
[Result "1-0"]
[WhiteElo "2132"]
[BlackElo "2095"]
[PlyCount "49"]
[EventDate "2011.08.01"]
[EventType "swiss"]
[EventRounds "9"]
[EventCountry "RUS"]
[SourceTitle "CBM 144 Extra"]
[Source "ChessBase"]
[SourceDate "2011.10.28"]
[SourceVersion "1"]
[SourceVersionDate "2011.10.28"]
[SourceQuality "1"]

1. e4 c5 2. Nf3 Nc6 3. Bb5 e6 4. 0-0 Nge7 5. b3 a6 6. Bxc6 Nxc6 7. Bb2 d6 8. d4 f6 9. d5 Ne5 10. Nxe5 dxe5 11. f4 exf4 12. Rxf4 e5 13. Bxe5 fxe5 14. Qh5+ Kd7 15. Rf7+ Kd6 16. Nd2 b5 17. Nf3 Qf6 18. Rxf6+ gxf6 19. Nh4 Bd7 20. Nf5+ Kc7 21. Qf7 Bd6 22. Nxd6 Kxd6 23. Qxf6+ Kc7 24. Qxe5+ Kb7 25. Rf1 1-0

[Event "Dvorkovich Memorial op 6th"]
[Site "Taganrog"]
[Date "2011.08.03"]
[Round "3"]
[White "Kuzovlev, Mikhail"]
[Black "Papin, Vasily"]
[Result "0-1"]
[WhiteElo "2132"]
[BlackElo "2565"]
[PlyCount "76"]
[EventDate "2011.08.01"]
[EventType "swiss"]
[EventRounds "9"]
[EventCountry "RUS"]
[SourceTitle "CBM 144 Extra"]
[Source "ChessBase"]
[SourceDate "2011.10.28"]
[SourceVersion "1"]
[SourceVersionDate "2011.10.28"]
[SourceQuality "1"]

1. Nf3 d5 2. c4 e6 3. g3 dxc4 4. Qa4+ Nd7 5. Qxc4 a6 6. Bg2 Ngf6 7. 0-0 b5 8. Qc2 Bb7 9. b3 c5 10. Bb2 Be7 11. Nc3 Qb6 12. e4 0-0 13. d3 Rfd8 14. Rad1 Nb8 15. e5 Nfd7 16. Ne2 Nc6 17. a3 Rac8 18. Rfe1 Nf8 19. Nf4 Ng6 20. Nxg6 hxg6 21. Rb1 Rd7 22. Qe2 Rcd8 23. Red1 Na5 24. Bc3 b4 25. axb4 cxb4 26. Be1 Bd5 27. Qa2 Nc6 28. d4 Bxf3 29. Bxf3 Nxd4 30. Be4 Qb5 31. Rd3 Qxe5 32. Re3 Nf5 33. Re2 Qb5 34. Rc1 Nd4 35. Re3 a5 36. Rc4 Qb6 37. Kg2 Bc5 38. Qb1 Nb5 0-1

[Event "Dvorkovich Memorial op 5th"]
[Site "Taganrog"]
[Date "2010.08.10"]
[Round "9"]
[White "Pligin, Genadiy M"]
[Black "Kuzovlev, Mikhail"]
[Result "1/2-1/2"]
[WhiteElo "1897"]
[BlackElo "2170"]
[PlyCount "164"]
[EventDate "2010.08.02"]
[EventType "swiss"]
[EventRounds "9"]
[EventCountry "RUS"]
[SourceTitle "EXT 2013"]
[Source "ChessBase"]
[SourceDate "2012.11.22"]
[SourceVersion "1"]
[SourceVersionDate "2012.11.22"]
[SourceQuality "1"]

1. e4 c5 2. Nf3 Nc6 3. d4 cxd4 4. Nxd4 Nf6 5. Nc3 e5 6. Ndb5 d6 7. Bg5 a6 8. Na3 Be6 9. Nc4 Rc8 10. Ne3 Be7 11. Bxf6 Bxf6 12. Ncd5 Bg5 13. c3 Bxe3 14. Nxe3 Ne7 15. Qa4+ Qd7 16. Qxd7+ Kxd7 17. Be2 Rhd8 18. 0-0 Ke8 19. Bf3 Rc5 20. Rfd1 Ra5 21. c4 Rc5 22. Rac1 Nc6 23. Be2 Nd4 24. Bf1 Rdc8 25. Rc3 b5 26. cxb5 axb5 27. Rxc5 dxc5 28. b3 c4 29. Rc1 c3 30. Nc2 Ke7 31. Nxd4 exd4 32. Bxb5 Ra8 33. Rc2 Bxb3 34. axb3 Ra1+ 35. Bf1 d3 36. Rxc3 d2 37. Rd3 d1Q 38. Rxd1 Rxd1 39. f3 Rb1 40. Kf2 Rxb3 41. Kg3 Kf6 42. Bc4 Rb2 43. Bd5 Ke7 44. Bc4 g5 45. Ba6 Kf6 46. Bc8 h5 47. Bd7 Ke5 48. Be8 Kf6 49. Bd7 Rd2 50. Bc8 Ke5 51. Bf5 h4+ 52. Kh3 Kf4 53. Bg4 Rf2 54. Bh5 f6 55. Bg4 Ke3 56. Bh5 Rf1 57. Kg4 Rh1 58. h3 Rb1 59. Kf5 Rb6 60. e5 fxe5 61. Kxg5 Rb2 62. Bg4 Rxg2 63. Kf5 Ra2 64. Kxe5 Ra5+ 65. Kf6 Kf4 66. Ke6 Rb5 67. Kd6 Re5 68. Kc6 Re1 69. Kd5 Re8 70. Kc4 Rd8 71. Kc3 Kg3 72. Kc4 Rd2 73. Kc3 Rd6 74. Kc4 Rd8 75. Kc3 Rd6 76. Kc4 Rd2 77. Kc3 Rh2 78. Kd3 Rxh3 79. Bxh3 Kxh3 80. f4 Kg4 81. f5 Kxf5 82. Ke3 Kg4 1/2-1/2

[Event "Dvorkovich Memorial op 5th"]
[Site "Taganrog"]
[Date "2010.08.09"]
[Round "8"]
[White "Kuzovlev, Mikhail"]
[Black "Osipov, Adam V"]
[Result "1/2-1/2"]
[WhiteElo "2170"]
[BlackElo "2061"]
[PlyCount "53"]
[EventDate "2010.08.02"]
[EventType "swiss"]
[EventRounds "9"]
[EventCountry "RUS"]
[SourceTitle "EXT 2013"]
[Source "ChessBase"]
[SourceDate "2012.11.22"]
[SourceVersion "1"]
[SourceVersionDate "2012.11.22"]
[SourceQuality "1"]

1. e4 d5 2. exd5 Qxd5 3. Nc3 Qa5 4. Bc4 c6 5. d4 Nf6 6. Nge2 Bf5 7. 0-0 e6 8. Ng3 Bg6 9. Qe2 Nbd7 10. Re1 Bb4 11. Bd2 0-0 12. a3 Bxc3 13. Bxc3 Qc7 14. Rad1 b5 15. Bd3 a5 16. Bxg6 hxg6 17. Ne4 Nxe4 18. Qxe4 Nf6 19. Qh4 Nd5 20. Bd2 Rae8 21. Ra1 Ra8 22. Qh3 a4 23. Bb4 Rfe8 24. Bc5 Qf4 25. Qd3 Qf5 26. Rad1 Qxd3 27. Rxd3 1/2-1/2

[Event "Dvorkovich Memorial op 5th"]
[Site "Taganrog"]
[Date "2010.08.06"]
[Round "5"]
[White "Petrov, Artur"]
[Black "Kuzovlev, Mikhail"]
[Result "1-0"]
[WhiteElo "2405"]
[BlackElo "2170"]
[PlyCount "103"]
[EventDate "2010.08.02"]
[EventType "swiss"]
[EventRounds "9"]
[EventCountry "RUS"]
[SourceTitle "EXT 2013"]
[Source "ChessBase"]
[SourceDate "2012.11.22"]
[SourceVersion "1"]
[SourceVersionDate "2012.11.22"]
[SourceQuality "1"]

1. Nf3 Nf6 2. g3 d5 3. Bg2 c5 4. 0-0 e6 5. d3 Be7 6. Nbd2 0-0 7. e4 Nc6 8. e5 Nd7 9. Re1 Qc7 10. Qe2 f6 11. exf6 Nxf6 12. c4 Bd6 13. b3 Bd7 14. Bb2 Rae8 15. Ne5 Nxe5 16. Bxe5 Bxe5 17. Qxe5 Qa5 18. Nf3 dxc4 19. dxc4 Bc6 20. h3 Nd7 21. Qe3 Rf6 22. Re2 h6 23. Rd1 e5 24. Nd2 Bxg2 25. Kxg2 Qc7 26. Ne4 Rc6 27. Qd3 Nf6 28. Nxf6+ Rxf6 29. Qd5+ Kh8 30. f4 e4 31. Rxe4 Rxe4 32. Qxe4 Rf8 33. Rd2 b6 34. Qe6 Qb7+ 35. Rd5 b5 36. Qd6 Rc8 37. Qd7 Qxd7 38. Rxd7 bxc4 39. bxc4 Rb8 40. Rxa7 Rb4 41. f5 Rxc4 42. Kf3 Rb4 43. g4 Kg8 44. h4 c4 45. g5 hxg5 46. hxg5 Rb5 47. Kg4 Rc5 48. Kh5 c3 49. Kg6 Rc8 50. Rxg7+ Kh8 51. Rh7+ Kg8 52. f6 1-0

[Event "Yuzhny FO-ch op"]
[Site "Armavir"]
[Date "2010.03.??"]
[Round "1"]
[White "Zakhartsov, Viacheslav V"]
[Black "Kuzovlev, Mikhail"]
[Result "1-0"]
[WhiteElo "2576"]
[BlackElo "2179"]
[PlyCount "67"]
[EventDate "2010.03.??"]
[EventType "swiss"]
[EventRounds "9"]
[EventCountry "RUS"]
[SourceTitle "CBM 135 Extra"]
[Source "ChessBase"]
[SourceDate "2010.05.04"]
[SourceVersion "1"]
[SourceVersionDate "2010.05.04"]
[SourceQuality "1"]

1. d4 e6 2. Nf3 c5 3. c4 cxd4 4. Nxd4 a6 5. Nc3 Nf6 6. g3 Qc7 7. Qa4 Nc6 8. Nf3 Bb4 9. Bd2 0-0 10. Bg2 Bxc3 11. Bxc3 Ne4 12. Bd4 Nxd4 13. Nxd4 Nd6 14. Rc1 b5 15. Qb4 Rb8 16. c5 e5 17. Nc6 dxc6 18. cxd6 Qd8 19. 0-0 Bd7 20. Bxc6 Bh3 21. Rfd1 Qg5 22. Qd2 Qf6 23. Bg2 Be6 24. Bd5 Bh3 25. Rc6 Rfd8 26. Rxa6 h5 27. Ra7 Rf8 28. Rb7 Rxb7 29. Bxb7 Bd7 30. Qb4 Rb8 31. Bf3 g6 32. a4 h4 33. a5 hxg3 34. hxg3 1-0